000 00489nam a2200181Ia 4500
003 GCL
008 140319s9999 xx 000 0 ara d
040 _aGCL /
_cGCL
082 0 4 _aط
_b813.02
_bع ح
100 1 _aعبداللطيف زيدان
245 1 0 _aحماقة الجوكر /
_cعبداللطيف زيدان
700 1 _aعيداللطيف زيدان
490 _a
650 0 4 _aالاطفال
650 0 4 _aالقصص
650 0 4 _aقصص الاطفال
942 _2ddc
_cBK
999 _c44507
_d44507